Alle Gemeinden im Landkreis München - Statistiken

Allgemein
  • Dieses Quiz wurde 69 mal gespielt
  • Das Durchschnittsergebnis liegt bei 12 aus 29
Antwortstatistiken
Einwohner Gemeinde % Korrekt
17.526 Garching b. München
74%
25.873 Unterhaching
71%
11.382 Grünwald
66%
11.998 Oberschleißheim
66%
18.062 Ismaning
63%
29.523 Unterschleißheim
63%
22.555 Haar
57%
13.909 Oberhaching
57%
11.500 Unterföhring
54%
9.413 Aschheim
51%
22.430 Ottobrunn
51%
11.063 Planegg
49%
7.601 Feldkirchen
43%
12.714 Kirchheim b. München
40%
14.449 Neubiberg
40%
18.185 Taufkirchen
40%
6.812 Putzbrunn
37%
13.769 Gräfelfing
34%
5.563 Aying
31%
8.871 Hohenbrunn
31%
6.749 Grasbrunn
29%
8.967 Neuried
29%
8.255 Sauerlach
29%
5.580 Brunnthal
26%
11.422 Höhenkirchen - Siegertsbrunn
26%
6.007 Schäftlarn
23%
3.397 Baierbrunn
20%
3.289 Straßlach - Dingharting
20%
9.026 Pullach im Isartal
17%
Keine übereinstimmenden Quizze gefunden
Verteilung der Resultate
Anzahl Personen mit jedem Resultat
Perzentil nach korrekt beantworteten Fragen
Ihre Resultats-Entwicklung
Sie haben dieses Quiz noch nicht gespielt